|
|
|
|
| LEADER |
00000ngm a22000007i 4500 |
| 001 |
IT\ICCU\MOD\0840705 |
| 003 |
ItRI |
| 005 |
20260124182814.0 |
| 008 |
031216s2003 it |||||||||||||||k|||||c |
| 028 |
4 |
2 |
|a 23300SA
|
| 040 |
|
|
|b ita
|
| 041 |
|
7 |
|a ita
|2 ISO-639-2
|
| 245 |
0 |
0 |
|a Kissing Jessica Stein /
|c regia di Charles Herman-Wurmfeld. - Milano : Twentieth Century Fox home entertainment, 2003. - 1 videocassetta (VHS) (ca. 92 min.) : color., sonoro ((Interpreti: Jennifer Westfeld, Heather Juergensen, Robert Ari, David Aaron Baker, John Cariani, Jennifer Carta, Scott Cohen. - Prod. USA, 2001. - Descrizione basata sul contenitore.
|
| 700 |
1 |
|
|a Cariani, John
|0 IT\ICCU\MODV\284892
|
| 700 |
1 |
|
|a Carta, Jennifer
|0 IT\ICCU\MODV\284893
|
| 700 |
1 |
|
|a Cohen, Scott
|c (attore)
|0 IT\ICCU\MODV\284894
|
| 700 |
1 |
|
|a Herman-Wurmfeld, Charles
|0 IT\ICCU\UBOV\847013
|
| 942 |
|
|
|2 ddc
|c VM
|n 0
|
| 952 |
|
|
|0 0
|1 0
|4 0
|6 VO_759_000000000000000
|7 0
|9 26577
|a BO
|b BO
|d 2026-01-24
|i 7403
|l 0
|o VO 759
|p BO7403
|r 2026-01-24 18:28:14
|w 2026-01-24
|x [Sebina 5] [1 videocassetta]
|y VM
|z 1 videocassetta
|
| 999 |
|
|
|c 22477
|d 22477
|